Les émissions politiques à la télévision en France - Statistiques

Statistiques générales
  • Ce quiz a été pris 28 fois
  • Le résultat moyen est 15 sur 29
Statistiques - réponses
Question Réponse % Correct
Alain Duhamel et Jean-Pierre Elkabbach ont co-animé... Cartes sur table
100%
Une ambition intime est une émission présentée par Karine Le Marchand
100%
Quelle émission n'a jamais existé ? La parole est aux candidats
100%
Ca se dispute, sur Itélé puis CNews oppose 2 éditorialistes de presse écrite
80%
Qui n'a jamais présenté 7 sur 7 ? Arlette Chabot
80%
En 1987, Jean-Marie Cavada crée l'émission La marche du Siècle
80%
Le 2 avril 1974, la diffusion du film L'homme de Kiev est interrompue à 22h15. L'émission est en direct. Quelle est la raison de cette interruption. la mort du président Pompidou
80%
Le dimanche dans les années 80, les Français regardent... 7 sur 7
60%
Quelle journaliste co-animait France Europe express ? Christine Ockrent
60%
Dans l'émission "Au tableau !!!" que ne font pas les invités ? faire une dictée à une classe
60%
Duel sur la 3 était une émission hebdomadaire
60%
En mars 1980, Cartes sur table reçoit la première ministre Margaret Thatcher
60%
Entre les lignes est une émission de... LCP
60%
Le 9 février 2017 dans l'Emission politique, qui débat avec Marine Le Pen ? Najat Vallaud-Belkacem
60%
Quel homme politique a participé à sa dernière émission quelques jours avant son centième anniversaire ? Antoine Pinay
40%
Questions à domicile se déroulait chez les personnalités politiques. Qui n'y a pas participé ? Arlette Laguiller
40%
En 2007, cette émission reçoit le prix de la meilleure émission de télévision de l'année lors du Grand prix des médias. Ce soir (ou jamais !)
40%
En 1972, l'émission Italiques crée l'événement et obtient sa meilleure audience en... diffusant un extrait d'un documentaire de Leni Riefenstahl, Le Triomphe de la volonté
40%
L'émission Au tableau a été exportée dans plusieurs pays mais pas... en Suisse
40%
Alain Duhamel n'a jamais animé... Faca à la une
40%
La toute dernière émission des Dossiers de l'écran en 1991 a pour thème : La cour d'Angleterre comme si vous y étiez
40%
Quelle affirmation est fausse concernant l'émission Politique à domicile? Nicolas Sarkozy y a participé
40%
La première émission politique de la télévision française était animée par... Pierre Corval
40%
La toute première émission politique de la télévision française s'appelait... Face à l'opinion
20%
En 1971, dans l'émission A armes égales, sur le thème Les partis politiques, Georges Marchais, secrétaire général du Parti Communiste est opposé à Jacques Chirac
20%
Le générique des Dossiers de l'écran est l'oeuvre du compositeur américain Morton Gould, on l'entend aussi dans L'armée des ombres
20%
En 2016, Gilles bouleau crée... Vie politique
20%
La première émission des Dossiers de l'écran, qu'on considère alors comme une émission politique abordant les grands faits de société est consacrée aux criminels de guerre nazis, le film diffusé en première partie est Les Maudits
0%
Le générique de l'émission L'heure de vérité est un extrait de la bande originale de Vivre et Laisser mourir, un James Bond. C'est une composition de... Paul Mc Cartney
0%
Aucun quiz correspondant
Distribution des résultats
% des personnes avec chaque résultat
Percentile par nombre de réponses
Votre historique - résultats
Vous n’avez pas pris ce quiz